000 01689 a2200229 4500
001 13629
005 20260407155443.0
008 260407a2008 arg spa d
003 AR-UNSa-BCEJYS
040 _aAR-UNSa-BCEJYS
_bspa
_cAR-UNSa-BCEJYS
080 _a336.226.1
_xImpuestos a las ganancias o los beneficios (Impuesto Diferido)
245 1 0 _aGanancias 2008
_pactualización y novedades
020 _a978-987-1140-98-5
264 1 _aBuenos Aires :
_bOsmar D. Buyatti
_c2008
300 _a197 p.
_c28 cm.
505 _a1.Impuesto a las ganancias 2008 novedades - 2.Impuesto sobre los bienes personales 2008 novedades - 3.Impuesto a la ganancia minima presunta 2008 novedades - 4.Rentas en relación de dependencia, modificaciones al regimen de retención - 5.Aplicativos gananciales y bienes personales - 6.Impuesto a las ganancias preguntas frecuentes - 7.Impuesto sobre los bienes personales preguntas frecuentes - 8.Esquema de liquidación para personas fisicas y sucesiones indivisas - 9.El cierre de la declaración jurada del impuesto a las ganancias y el cuadro de justificacion patrimonial - 10.Bienes personales acciones y participaciones sociales responsables sustitutos - 11.Fideicomisos no financieros tratamiento en el impuesto sobre los bienes personales - 12.Liquidacion del impuesto a las ganancias y sobre los bienes personales caso practico - 13.Datos utiles para la liquidación del periodo fiscal 2008.
942 _cBK
590 _aniveau_biblio:m niveau_hierar:0
100 1 _aRodríguez, Marcelo Daniel
700 1 _aCaranta, Martín R.
856 4 1 _uhttps://biblioeco.unsa.edu.ar/pmb/images/libros/Ganancias 2008 2-l118581.jpg
_yImagen de portada
_qimage/jpeg
999 _c530
_d530